Apocrypha (Record no. 9076)

MARC details
000 -LEADER
fixed length control field 00596nam a2200241 a 4500
020 ## - INTERNATIONAL STANDARD BOOK NUMBER
ISBN
082 00 - DEWEY DECIMAL CLASSIFICATION NUMBER
Classification number 229
Author Cutter MOU
100 ## - MAIN ENTRY--AUTHOR NAME
Author name Moulton,
245 ## - TITLE STATEMENT
Title Apocrypha
Sub title Revised Version With the Revised Marginal References.
260 ## - PUBLICATION, DISTRIBUTION, ETC. (IMPRINT)
Place of publication Oxford
Name of publisher Oxford University Press
Year of publication 1895
300 ## - PHYSICAL DESCRIPTION
Number of Pages 272p
500 ## - GENERAL NOTE
General note includes index and biblioraphy
505 2# - FORMATTED CONTENTS NOTE
Formatted contents note Index
650 ## - SUBJECT ADDED ENTRY--TOPICAL TERM
Topical Term Apocrypha
942 ## - ADDED ENTRY ELEMENTS (KOHA)
Koha item type Books
700 1# -
-- Moulton,
Holdings
Home library Current library Date acquired Cost, normal purchase price Full call number Accession Number Koha item type
Henry Martyn Institute Library Henry Martyn Institute Library 06/21/2007 100.00 229 MOU 10570 Archive Book
                   Copyright © 2026 | Henry Martyn Institute | Hyderabad | TS-500052 | INDIA | Implemented by hmi.edu.in
Hit-Count:

Powered by Koha